书目信息 |
| 题名: |
景观都市主义
|
|
| 作者: | 查尔斯·瓦尔德海姆 编 | |
| 分册: | ||
| 出版信息: | 北京 建工 2010.9 |
|
| 页数: | 280页 | |
| 开本: | 异16开 | |
| 丛书名: | ||
| 单 册: | ||
| 中图分类: | TU-856 | |
| 科图分类: | ||
| 主题词: | ||
| 电子资源: | ||
| ISBN: | 978-7-112-12253-0 | |
| 000 | 01063nam0 2200217 450 | |
| 001 | 3735 | |
| 005 | 20160927091137.06 | |
| 010 | @a978-7-112-12253-0@b平装@dCNY66.00 | |
| 092 | @aCN@b0002906232 | |
| 100 | @a20100902d2010 em y0chiy0110 ea | |
| 101 | 0 | @achi |
| 102 | @aCN@b110000 | |
| 105 | @ay z 000yy | |
| 200 | 1 | @a景观都市主义@9jing guan du shi zhu yi@f查尔斯·瓦尔德海姆编 |
| 210 | @a北京@c建工@d2010.9 | |
| 215 | @a280页@d异16开 | |
| 330 | @a景观城市主义是一个正在兴起并愈演愈烈的的一个学科领域,受到建筑界的广泛关注。由于景观学逐渐跨越了学科的界限,作为放大镜和媒介,反映了当代城市组成的方式。这些想象成为正在现形的“景观城市主义”的征兆。本书介绍了在景观城市主义领域内知名的14位国际学者的14篇文章,每篇文章都取自不同的视角,全面收集这一新兴领域的起源、联系、目标和应用等方面的情况。同时,对场地的思考、尺度问题、基础设施的景观以及景观城市主义在欧洲等文章,具有极强的可操作性、实用性强。 | |
| 690 | @aTU-856@v4 | |
| 701 | 0 | @a查尔斯·瓦尔德海姆@9cha er si wa er de hai mu@4编 |
| 801 | 0 | @aCN@b唐山师范学院图书馆@c20151002 |
| 905 | @aZUCC@dTU-856@e131 | |
| 景观都市主义/查尔斯·瓦尔德海姆编.-北京:建工,2010.9 |
| 280页;异16开 |
| ISBN 978-7-112-12253-0(平装):CNY66.00 |
| 景观城市主义是一个正在兴起并愈演愈烈的的一个学科领域,受到建筑界的广泛关注。由于景观学逐渐跨越了学科的界限,作为放大镜和媒介,反映了当代城市组成的方式。这些想象成为正在现形的“景观城市主义”的征兆。本书介绍了在景观城市主义领域内知名的14位国际学者的14篇文章,每篇文章都取自不同的视角,全面收集这一新兴领域的起源、联系、目标和应用等方面的情况。同时,对场地的思考、尺度问题、基础设施的景观以及景观城市主义在欧洲等文章,具有极强的可操作性、实用性强。 |
| ● |
| 相关链接 |
|
|
|
|
正题名:景观都市主义
索取号:TU-856/131
 
预约/预借
| 序号 | 登录号 | 条形码 | 馆藏地/架位号 | 状态 | 备注 |
| 1 | 906107 | 209061076 | 第二样本阅览室/ [索取号:TU-856/131] | 在馆 | |
| 2 | 906108 | 209061085 | 第三借阅区/ [索取号:TU-856/131] | 在馆 | |
| 3 | 906109 | 209061094 | 第三借阅区/ [索取号:TU-856/131] | 在馆 | |
| 4 | 906110 | 209061101 | 第三借阅区/ [索取号:TU-856/131] | 在馆 | |
| 5 | 906111 | 209061110 | 第三借阅区/ [索取号:TU-856/131] | 在馆 |